Представление документа в формате RUSMARC

ПолеНазваниеЗначение
  Тип записи a
  Библиографический уровень m
001 Контрольный номер RU/IS/BASE/464087062
005 Дата корректировки 20201206204925.1
010 Индекс ISBN __
a ISBN 978-5-699-70620-4 (в пер.)
d Цена 372-35
100 Данные общей обработки __
a Данные общей обработки 19140407d2014||||||| 1rusy0189 ca
101 Язык документа 0_
a Язык текста rus
102 Страна публикации __
a Страна публикации ru|
105 Кодированные данные (монография) __
a Кодированные данные (монография) #|||zzzz000zy
200 Заглавие и сведения об ответственности 1_
a Заглавие Доменные споры. Судебная практика в России
f Первые сведения об ответственности Елена Герцева, Андрей Гринкевич
b Общее обозначение материала Текст
210 Выходные данные __
a Место издания Москва
c Издательство Эксмо
d Дата издания 2014
215 Физическое описание __
a Объем 438, [1] с.
d Формат 22 см
225 Серия __
a Серия Компьютер на 100%
300 Общие примечания __
a Общие примечания 2000 экз.
330 Аннотация __
a Аннотация Вас интересуют вопросы судебной практики по доменным спорам? Вы сомневаетесь, не придется ли отстаивать свой домен в суде? Вы связаны с доменной индустрией и вам необходимо разбираться в правовых аспектах? Эта книга будет безусловно полезна для всех, кто так или иначе связан с доменами. В издании обобщена судебная практика разрешения доменных споров в российском сегменте сети Интернет (.RU, .SU, .РФ), проводится детальный анализ судебных актов по конкретным делам, в том числе постановлений Президиума ВАС РФ и определений Коллегии судей ВАС РФ, приводятся правовые позиции, исходя из которых разрешаются судами доменные споры в российском сегменте сети Интернет, освещаются особенности рассмотрения судами данной категории дел. Уникальность книги состоит в том, что в ней можно найти ответы на многие практические вопросы, которые наверняка возникнут у тех, кто впервые участвует в судебном процессе, связанном с доменами, или имеет отношение к доменной индустрии.
517 Другие варианты заглавия __
a Другие варианты заглавия Судебная практика в России
606 Тематические рубрики __
a Основная рубрика Право
606 Тематические рубрики __
a Основная рубрика Правовая охрана интеллектуальной собственности
z Хронологическая подрубрика 21 в.
y Географическая подрубрика Россия
610 Ключевые слова __
a Ключевые слова апелляционные инстанции
a Ключевые слова арбитражные суды
a Ключевые слова доменное имя
a Ключевые слова доменные споры
a Ключевые слова интеллектуальные права
a Ключевые слова исковые требования
a Ключевые слова кассационные жалобы
a Ключевые слова обзоры
a Ключевые слова правовая ответственность
a Ключевые слова судебная практика
a Ключевые слова судебный процесс
a Ключевые слова судебные решения
686 Индексы других классификаций __
2 Код системы rubbks
a Классификационный индекс 67.404.3(2Рос)
700 Автор _1
a Фамилия Герцева
b Имя Е. Н.
g Полное личное имя Елена Николаевна
4 Код отношения 070
701 Альтернативная интеллектуальная ответственность _1
a Фамилия Гринкевич
b Имя А. П.
g Полное личное имя Андрей Петрович
4 Код отношения 070
801 Источник записи _0
a Страна ru
b Организация Муниципальное бюджетное учреждение культуры "Централизованная библиотечная система" г. Сургут (Центральная городская библиотека им. А. С. Пушкина)
c Дата составления 20140407
g Правила каталогизации КиК/Коробейникова
801 Источник записи _1
a Страна ru
b Организация Муниципальное бюджетное учреждение культуры "Централизованная библиотечная система" г. Сургут (Центральная городская библиотека им. А. С. Пушкина)
c Дата составления 20140407
g Правила каталогизации КиК/Коробейникова
852 Данные о местонахождении __
j Шифр хранения 67.404.3(2Рос)
i Авторский знак Г 41
901 Тип документа 1_
t Тип документа m
903 Характеристики (МАРС) __
a Дата передачи 20140915
969 Тип издания __
a Тип издания производственно-практическое издание
990 Данные о заказе (DOS) __
j Количество экземпляров (DOS) 1
t N записи в КСУ для И/У (DOS) 201409